| 000 | 00561nam a2200205Ia 4500 | ||
|---|---|---|---|
| 003 | GCL | ||
| 008 | 140319s9999 xx 000 0 eng d | ||
| 040 |
_aGCL / _cGCL |
||
| 082 | 0 | 4 |
_a193 _bS S |
| 100 | 1 | _aSCHOPENHOUER, ARTHUR | |
| 245 | 1 | 0 |
_aSUR LA RELIGION PARALIPOENA, PARAGRAPHES 174 - 182 / _cSCHOPENHOUER, ARTHUR |
| 700 | 1 | _aOSIER, ETIENNE | |
| 260 |
_a[S.N] : _bGF - FLAMMARION ، _c1996 |
||
| 300 | _a217 P | ||
| 650 | 0 | 4 | _aPHILOSOPHY |
| 650 | 0 | 4 | _aSCHOPENHAUER |
| 650 | 0 | 4 | _aGERMAN PHILOSOPHY |
| 650 | 0 | 4 | _aGERMAN PHILOSOPHERS |
| 942 |
_2ddc _cBK |
||
| 999 |
_c16277 _d16277 |
||